Integrovaný manažment zavlečených druhov

Dôsledky globalizácie v prípade šírenia druhov organizmov za hranicami ich pôvodných areálov. Integrovaný manažment si vyžaduje spoluprácu, postupy a nástroje na ich realizáciu na základe ďalšieho výskumu ochrany pred inváziami.

Salvato in:
Dettagli Bibliografici
Autore principale: Eliáš, Pavol
Natura: Capitolo di libro
Lingua:slovacco
Soggetti:
Tags: Aggiungi Tag
Nessun Tag, puoi essere il primo ad aggiungerne!!

MARC

LEADER 00000naa a2200000 4500
001 0192630
005 20231208081236.6
041 0 |a slo 
044 |a SK 
245 1 0 |a Integrovaný manažment zavlečených druhov  |c Pavol Eliáš 
520 |a Dôsledky globalizácie v prípade šírenia druhov organizmov za hranicami ich pôvodných areálov. Integrovaný manažment si vyžaduje spoluprácu, postupy a nástroje na ich realizáciu na základe ďalšieho výskumu ochrany pred inváziami. 
610 2 0 |a systémy environmentálne manažérske 
610 2 0 |a prostredie životné 
610 2 0 |a ekológia 
610 2 0 |a diverzita biologická 
610 2 0 |a kontrola znečistenia 
610 2 0 |a ochrana prostredia životného 
610 2 0 |a zodpovednosť spoločenská 
100 1 |a Eliáš, Pavol